• 首页
  • 本馆介绍
  • 公告通知
  • 最新文献
  • 馆藏检索
  • 电子资源
  • 读者导购
  • 参考咨询
  • 我的图书馆
  • 登录
  • 详细信息显示
  • 放入我的书架
  • 预约/预借图书
  • 作者相关作品
  • 分类相关作品
  • 丛书相关作品
  • 出版社相关作品

书目信息

  • 表格格式
  • 工作单格式
  • 卡片格式
题名:
职业技术教育管理学
    
 
作者: 邹天幸 主编
分册:  
出版信息: 北京   教育科学出版社  1992
页数: 421页
开本: 20cm
丛书名:
单 册:
中图分类: G710
科图分类:
主题词: 职业教育--技术教育--管理学 , 职业教育 , 技术教育
电子资源:
ISBN: 7-5041-0746-8
000 00774nam0 2200253 450
001 1556981070
005 20150204155014.50
010    @a7-5041-0746-8@dCNY5.90
100    @a20130329d1992 em y0chiy0110 ea
101 0  @achi
102    @aCN@b110000
105    @ay z 000yy
200 1  @a职业技术教育管理学@9zhi ye ji shu jiao yu guan li xue@f邹天幸等主编
210    @a北京@c教育科学出版社@d1992
215    @a421页@d20cm
300    @a国家教委“七五”教育科学重点研究项目
330    @a本书总结了建国四十年职业技术教育的实践经验,阐明了职业技术教育的管理规律。
606 0  @a职业教育@x技术教育@x管理学
606 0  @a职业教育
606 0  @a技术教育
690    @aG710@v5
701  0 @a邹天幸@9zou tian xing@4主编
801  0 @aCN@bTSSF@c20150204
905    @aZUCC@dG710@eJY3
    
    职业技术教育管理学/邹天幸等主编.-北京:教育科学出版社,1992
    421页;20cm
    国家教委“七五”教育科学重点研究项目
    
    ISBN 7-5041-0746-8:CNY5.90
    本书总结了建国四十年职业技术教育的实践经验,阐明了职业技术教育的管理规律。
●
相关链接 在E读中查询图书 在五车中查询图书 在当当中查询图书 在豆瓣中查询图书


正题名:职业技术教育管理学     索取号:G710/JY3         预约/预借

序号 登录号 条形码 馆藏地/架位号 状态 备注
1 7865800   278658007   学院路分馆/ [索取号:G710/JY3] 在馆    
唐山师范学院图书馆 欢迎您!
大连网信软件有限公司© 版权所有